Nommez les 21 verbes commençant par un U - 21 verbes - Statistiques

Statistiques générales
  • Ce quiz a été pris 102 fois
  • Le résultat moyen est 5 sur 21
Statistiques - réponses
Réponse % Correct
uriner
79%
utiliser
79%
user
71%
unir
63%
unifier
49%
usiner
32%
usurper
32%
ululer
31%
urger
26%
uniformiser
21%
ulcérer
19%
ubériser
10%
urbaniser
10%
universaliser
5%
upériser
5%
s'unifier
1%
s'user
1%
s'unir
0%
s'urbaniser
0%
ultracentrifuger
0%
urbanifier
0%
Aucun quiz correspondant
Distribution des résultats
% des personnes avec chaque résultat
Percentile par nombre de réponses
Votre historique - résultats
Vous n’avez pas pris ce quiz